|
|
|
|
| LEADER |
00657cam a2200193 7i4500 |
| 001 |
0000012596 |
| 005 |
20140619090000.0 |
| 008 |
980423s1999 caua 001 0 eng |
| 010 |
# |
# |
|a 98020186
|
| 090 |
0 |
0 |
|a HA 29
|b H434 1999
|
| 100 |
1 |
0 |
|a Healey, Joseph F.,
|d 1945-
|
| 245 |
1 |
0 |
|a Statistics :
|b a tool for social research
|c Joseph F. Healey.
|
| 250 |
0 |
0 |
|a 5th ed..
|
| 260 |
0 |
0 |
|a Belmont, CA:
|b Wadsworth Publ.,
|c c1999.
|
| 300 |
# |
# |
|a xviii, 540 p.:
|b ill.;
|c 24 cm..
|
| 500 |
0 |
0 |
|a Includes index
|
| 590 |
# |
# |
|a Pusat Pengajian Informatik dan Matematik Gunaan
|
| 650 |
0 |
0 |
|a Social sciences --
|x Statistical methods
|
| 999 |
|
|
|a 1000403477
|b Book
|c Open Shelf
|e KOLEKSI TERBUKA
|